000 00373nam a2200145Ia 4500
008 230917s9999||||xx |||||||||||||| ||und||
040 _e31991
_aMAIN
041 _aEnglish
082 _a709.54 M691T
100 _aMishra, Ravindra Nath
245 0 _aTantra kala mein prateek
260 _aNaria
_bKala Evam Dharma Shodh Sansthan
_c1996
300 _a152 p.
942 _cBK
999 _c101891
_d101891